000 00734nam a2200265Ia 4500
005 20260121170001.0
008 008 260114s9999 xx 000 0 eng d
020 _a9789401799843
037 _aEBOOK
040 _aCRL
040 _beng
040 _cCRL
041 _2eng
041 _aeng
084 _qCRL
100 _aPamela Block, Devva Kasnitz, Akemi Nishida, Nick Pollard
_91058403
245 0 _aOccupying Disability: Critical Approaches to Community, Justice, and Decolonizing Disability
260 _bSpringer
260 _bSpringer
260 _c2016
856 _uhttps://link.springer.com/openurl?genre=book&isbn=978-94-017-9984-3
942 _cEBOOK
999 _c1624132
_d1624132